| 000 | 00740nam a2200241 i 4500 | ||
|---|---|---|---|
| 001 | 63798 | ||
| 003 | ES-MaACL | ||
| 005 | 20240501063033.0 | ||
| 007 | t| | ||
| 008 | 031217s1986 sp ||||1| spa d | ||
| 020 | _a84-320-5855-6 | ||
| 100 | 0 |
_aFiguero, Javier, _d1948- _950774 |
|
| 245 | 1 | 0 |
_aMemoria de una locura _b: crónica testimonial de una gran tragedia española / _cJavier Figuero. |
| 250 | _a[1ª ed.]. | ||
| 260 |
_aBarcelona : _bPlaneta, _c1986. |
||
| 300 |
_a214 p. : _bil. ; _c24 cm. |
||
| 490 | 1 | _aEspejo de España | |
| 500 | _aIndice. | ||
| 500 | _aFinalista premio Espejo de España 1986. | ||
| 830 | 0 |
_aEspejo de España _9177692 |
|
| 852 |
_aES-MaACL _jL-11409 _bR.112768 |
||
| 999 |
_c63798 _d63798 |
||